000
00280 a2200097 4500
000
nam a22 7a 4500
020
_a
9781498733175
100
_a
Rajan, Ginu
245
_a
Structural health monitoring of composite structures using fiber optic methods
260
_b
CRC Press,
_c
2017.
999
_c
85385
_d
85385